000 01692nam a2200217Ia 4500
999 _c14899
_d14899
003 OSt
005 20211007150708.0
008 160316s1999 xxu||||| |||| 00| 0 eng d
040 _c.
082 _a342 UPA
_bUPA
100 _aUpadhayaya J J R
245 _aAdministrative Law
250 _a3rd
260 _aAllahabad
_bCentral Law Agency
_c1999
300 _a460p
_cxxxiii
365 _b Rs.130
505 _a1. Introduction 2. Development of Administrative Law in Action 3. Sources of Administrative Law 4. Fundamental Basic Concepts : Mainly Constitutional 5. Classification of Administrative Action 6. Delegated Legislation 7. Control Over Delegated Legislation 8. Administrative Directions 9. Administrative Adjudication and Tribunals 10. Administrative Tribunals and Agencies 11. Natural Justice and Fairness 12. Effect of Failure of Natural Justice 13. Power of Investigation and Inquiry 14. Legal Control of Administrative Action : Principles and Modes 15. Judicial Control Administrative Action : Through Writs 16. Liability Of Government 17. Ordinary Remedies; Forms Of Review Action 18.Government Privileges And Immunities In Legal Proceeding; Estoppel And Waiver; 19 Licensing Power; 20. Sub-Delegation Of Powers; 21. Exclusion Of Judicial Review; 22. Ombudsman And Central Vigilance Commission; Prevention Of Administrative Faults And Redress Of Grievances; 23. Public Corporations And Undertakings; 24. Horizon Of Administrative Jurisdiction; 25. Constitutional Protection Of Civil Servants; 26. Public Interest Litigation Bibliography
650 _a1. Administrative Law
700 _a
_a
942 _2ddc
_cBK